000 00603nam a22001817a 4500
999 _c14376
_d14376
008 190913b ||||| |||| 00| 0 eng d
020 _a9781350063716
082 _22019
_aDC 070.40141
_bB391
100 _aBednarek, Monika
_939643
245 _aNews discourse/
_cMonika Bednarek and Helen Caple
260 _aLondon:
_bBloomsbury Academic,
_cc2019.
300 _avii, 333 pages;
_b21 cm.
440 _aBloomsbury Classics in Linguistics
_939644
500 _aIncludes appendices, bibliographic references and index.
650 _aJournalism
_939646
700 _aCaple, Helen
_939645
942 _2ddc
_cDC